[Event "Tournoi Skype 024B"]
[Site "Skype"]
[Date "????.??.??"]
[Round "3.9"]
[White "Calderon, Francisco"]
[Black "Duthoit, Bernard"]
[Result "1-0"]
[WhiteElo "1000"]
[BlackElo "1410"]
[PlyCount "109"]

1. e4 e6 2. Bc4 a6 3. a3 b5 4. Ba2 c5 5. c4 Bb7 6. Qe2 Bc6 7. Nf3 d6 8. d3 Nd7
9. b3 g6 10. Bb2 Ngf6 11. Nbd2 Bg7 12. h3 O-O 13. Nh2 Ne8 14. Rb1 Bxb2 15. Rxb2
Ng7 16. g4 Re8 17. Ndf3 f5 18. gxf5 exf5 19. Nd2 fxe4 20. dxe4 Nf5 21. Bb1 Nf6
22. Rg1 d5 23. Qf3 Nh4 24. Qf4 Nh5 25. Qg4 Kh8 26. Nhf3 Nxf3+ 27. Qxf3 d4 28.
Kd1 Rf8 29. Qe2 Nf4 30. Qf1 Qf6 31. Bd3 Rae8 32. f3 Nxd3 33. Qxd3 Bd7 34. Rg3
Qf4 35. Nf1 bxc4 36. bxc4 Ba4+ 37. Ke2 Rb8 38. Rxb8 Rxb8 39. Rg4 Rb2+ 40. Nd2
Qh2+ 41. Ke1 Qh1+ 42. Qf1 Qxf1+ 43. Nxf1 Rb1+ 44. Kf2 Rb2+ 45. Kg3 Rb3 46. Rg5
Rxa3 47. Rxc5 Bc2 48. e5 Bd1 49. Nh2 Re3 50. Kf4 d3 51. Kxe3 Bc2 52. Kd2 Kg7
53. Ra5 Kf7 54. Rxa6 Ke7 55. Nf1 1-0

[Event "Tournoi Skype 024B"]
[Site "Skype"]
[Date "????.??.??"]
[Round "3.10"]
[White "Perez, Luis-Horacio"]
[Black "Luna Perez Vico, Lorenzo"]
[Result "0-1"]
[WhiteElo "1000"]
[BlackElo "1395"]
[PlyCount "104"]

1. b3 e5 2. e4 Nf6 3. d3 g6 4. Bb2 Nc6 5. Nf3 d6 6. Nc3 Bg7 7. Be2 a6 8. Qd2 b5
9. O-O-O Bb7 10. d4 Qd7 11. dxe5 h5 12. exf6 Bh6 13. Qxh6 Rxh6 14. Ng5 O-O-O
15. Nd5 Kb8 16. Kb1 Rhh8 17. Bf3 Ne5 18. a3 Rhe8 19. h3 Bxd5 20. exd5 Nxf3 21.
Nxf3 Qc8 22. Rhe1 Rxe1 23. Nxe1 Re8 24. Nd3 Qf5 25. Bc3 Qxd5 26. g4 hxg4 27.
hxg4 Re2 28. f3 Qxf3 29. Kb2 Kb7 30. Nb4 Qxg4 31. Rd4 Qe6 32. a4 c5 33. axb5
cxd4 34. bxa6+ Ka8 35. Bxd4 Re4 36. Nc6 Rxd4 37. Nxd4 Qxf6 38. c3 d5 39. Nb5
Qf2+ 40. Ka3 g5 41. Nc7+ Kb8 42. Nxd5 g4 43. c4 Qc5+ 44. Ka4 Qc6+ 45. Ka5 Qc5+
46. Ka4 g3 47. Nf6 Qc6+ 48. Kb4 Qxf6 49. c5 Qxa6 50. Kc3 g2 51. b4 Qb5 52. Kb3
g1=Q 0-1

[Event "Tournoi Skype 024B"]
[Site "Skype"]
[Date "????.??.??"]
[Round "3.11"]
[White "Hernandez, George"]
[Black "Tiberio, Pedro"]
[Result "0-1"]
[WhiteElo "1378"]
[BlackElo "1000"]
[PlyCount "28"]

1. e4 e5 2. Nf3 Nf6 3. Nxe5 Qe7 4. d4 d6 5. Bf4 dxe5 6. dxe5 Qb4+ 7. c3 Qxe4+
8. Be3 Qxe5 9. Nd2 Nd5 10. Nc4 Nxe3 11. Nxe3 Be6 12. Be2 Nc6 13. O-O Be7 14. f4
Qxe3+ 0-1

[Event "Tournoi Skype 024B"]
[Site "Skype"]
[Date "????.??.??"]
[Round "3.12"]
[White "Teles, Jeferson Lisboa"]
[Black "Pezzolato, Erica"]
[Result "0-1"]
[WhiteElo "1554"]
[BlackElo "1000"]
[PlyCount "60"]

1. d4 Nf6 2. Nf3 g6 3. c4 Bg7 4. Nc3 O-O 5. e4 d6 6. Be2 e5 7. dxe5 dxe5 8. O-O
Nc6 9. Bg5 Be6 10. Nd5 Bxd5 11. cxd5 Nd4 12. Nxe5 Nxe2+ 13. Qxe2 Qd6 14. Bxf6
Bxf6 15. Nc4 Qa6 16. Rfc1 Rfe8 17. Rc2 Re7 18. f4 Bd4+ 19. Kh1 f5 20. e5 Rd8
21. Qf3 Qa4 22. b3 Qa6 23. Rd1 Bc5 24. d6 cxd6 25. Qd5+ Kf8 26. exd6 Bxd6 27.
Qd4 Kg8 28. Qf6 Red7 29. Nxd6 Rxd6 30. Rxd6 Qf1# 0-1

[Event "Tournoi Skype 024B"]
[Site "Skype"]
[Date "????.??.??"]
[Round "3.13"]
[White "Dhenain, Sebastien"]
[Black "De Coninck, Philippe"]
[Result "1-0"]
[WhiteElo "1244"]
[BlackElo "1475"]
[PlyCount "49"]

1. e4 e5 2. Nf3 Nf6 3. Nc3 Nc6 4. Bb5 a6 5. Bxc6 dxc6 6. Nxe5 Qd4 7. Nf3 Nxe4
8. Nxd4 Bc5 9. Nxe4 Bxd4 10. c3 Bb6 11. O-O O-O 12. b4 Bf5 13. Ng3 Bd3 14. Re1
Rfe8 15. Rxe8+ Rxe8 16. h3 c5 17. a4 c4 18. a5 Ba7 19. Nh5 Be2 20. Qe1 Kf8 21.
Nf4 Bf3 22. Qxe8+ Kxe8 23. gxf3 b5 24. axb6 cxb6 25. Nd5 1-0

[Event "Tournoi Skype 024B"]
[Site "Skype"]
[Date "????.??.??"]
[Round "3.14"]
[White "Douichi, Mohammed"]
[Black "Pouteau, Pascal"]
[Result "0-1"]
[WhiteElo "1243"]
[BlackElo "1470"]
[PlyCount "82"]

1. e4 e5 2. Nf3 Nc6 3. Bc4 Bc5 4. O-O Nf6 5. Ng5 O-O 6. d3 d5 7. exd5 Nxd5 8.
Qf3 Nce7 9. c3 Bf5 10. Bxd5 Qxd5 11. Qxd5 Nxd5 12. d4 exd4 13. c4 Nb4 14. a3
Nc2 15. Ra2 Bd3 16. Rd1 Bxc4 17. b4 Bxa2 18. bxc5 Bxb1 19. Bb2 Ba2 20. Nf3 Rad8
21. Kf1 Bc4+ 22. Kg1 d3 23. Bc3 Nxa3 24. Ne5 Rfe8 25. f4 f6 26. Nf3 Nc2 27. h3
Re6 28. f5 Rc6 29. Nd4 Nxd4 30. Bb4 Nxf5 31. Kf2 Re8 32. g4 Re2+ 33. Kf3 Nd4+
34. Kf4 g5+ 35. Kg3 Rce6 36. Bd2 a5 37. h4 h6 38. h5 a4 39. Kh3 Nf3 40. Bc3
R6e3 41. Rf1 Ng1# 0-1

[Event "Tournoi Skype 024B"]
[Site "Skype"]
[Date "????.??.??"]
[Round "3.15"]
[White "Prasad, Sanjay"]
[Black "Kruzeniski, Randy"]
[Result "0-1"]
[WhiteElo "1219"]
[BlackElo "1435"]
[PlyCount "56"]

1. c4 c5 2. Nf3 d6 3. e4 Nc6 4. d3 Nf6 5. h3 g6 6. a3 Bg7 7. Nc3 O-O 8. Nd5
Nxd5 9. cxd5 Ne5 10. Be3 Nxf3+ 11. Qxf3 Bxb2 12. Rb1 Bxa3 13. Bd2 a5 14. Qf4
Bb4 15. Bxb4 axb4 16. Be2 Kg7 17. O-O Ra3 18. d4 cxd4 19. Rxb4 d3 20. Bf3 b6
21. Qc1 Ra5 22. Rd4 Ba6 23. Qc3 Rc5 24. Qa1 Bb5 25. Rxd3+ f6 26. Ra3 Bxf1 27.
Ra8 Rc8 28. Rxc8 Qxc8 0-1

[Event "Tournoi Skype 024B"]
[Site "Skype"]
[Date "????.??.??"]
[Round "3.16"]
[White "Carballo, Jorge"]
[Black "Vervoort, Jean-Louis"]
[Result "1-0"]
[WhiteElo "1398"]
[BlackElo "1217"]
[PlyCount "101"]

1. e4 d5 2. exd5 Qxd5 3. Nf3 e5 4. Nc3 Qe6 5. d3 Bb4 6. Bd2 Bxc3 7. Bxc3 Nf6 8.
Qe2 Nc6 9. Nxe5 O-O 10. Nxc6 Qxc6 11. O-O-O Bg4 12. f3 Rfe8 13. Qd2 Be6 14.
Bxf6 gxf6 15. a3 Qd5 16. c4 Qd4 17. Qc3 Qe3+ 18. Rd2 Bd7 19. b3 Qe1+ 20. Kc2
Re7 21. Rd1 Qf2+ 22. Qd2 Qd4 23. Be2 Rae8 24. Rhe1 Qf2 25. Bf1 Qd4 26. Rxe7
Rxe7 27. Re1 Rxe1 28. Qxe1 a5 29. Qe4 Qa1 30. Be2 Qa2+ 31. Kd1 Qxb3+ 32. Ke1
Qxa3 33. Qxb7 Qa1+ 34. Kf2 a4 35. Qxc7 Be8 36. Qg3+ Kf8 37. Qd6+ Kg7 38. Qg3+
Kh8 39. Qb8 Qd4+ 40. Kf1 Qd7 41. Qb4 Kg8 42. Bd1 Qxd3+ 43. Be2 Qe3 44. Qd6 a3
45. Qg3+ Kh8 46. Qd6 Kg8 47. Qg3+ Kf8 48. Qd6+ Kg7 49. Qg3+ Kh8 50. Qd6 a2 51.
Qf8# 1-0

[Event "Tournoi Skype 024B"]
[Site "Skype"]
[Date "????.??.??"]
[Round "3.17"]
[White "Escudero Ocana, Francisco"]
[Black "Baker, Abi"]
[Result "1-0"]
[WhiteElo "1363"]
[BlackElo "1198"]
[PlyCount "51"]

1. e4 e6 2. d4 d5 3. e5 c5 4. c3 Nc6 5. Nf3 Nge7 6. Bb5 Bd7 7. Bxc6 Bxc6 8. Qd3
c4 9. Qc2 Nf5 10. O-O Be7 11. b3 Nh4 12. Nbd2 O-O 13. g3 Nxf3+ 14. Nxf3 f6 15.
Re1 f5 16. Kg2 g5 17. h3 g4 18. hxg4 fxg4 19. Nh2 h5 20. Qg6+ Kh8 21. Qxh5+ Kg7
22. Bh6+ Kg8 23. Qg6+ Kh8 24. Nxg4 Be8 25. Bg7+ Kg8 26. Nh6# 1-0

[Event "Tournoi Skype 024B"]
[Site "Skype"]
[Date "????.??.??"]
[Round "3.18"]
[White "Morelli, Daniel"]
[Black "Farfallini, Michel"]
[Result "1-0"]
[WhiteElo "1351"]
[BlackElo "1185"]
[PlyCount "41"]

1. e4 e5 2. Nf3 Nc6 3. Bc4 Be7 4. d4 Nf6 5. Nc3 Bb4 6. Qd3 O-O 7. Bg5 d6 8. O-O
Re8 9. Nd5 Re6 10. Nxf6+ Rxf6 11. Bxf6 Qxf6 12. c3 Ba5 13. Rad1 Qg6 14. dxe5
Bh3 15. Nh4 Qg4 16. Qxh3 Qxh3 17. gxh3 dxe5 18. Rd7 Nd8 19. Nf5 Kf8 20. Rfd1 c6
21. Nd6 1-0

[Event "Tournoi Skype 024B"]
[Site "Skype"]
[Date "????.??.??"]
[Round "3.19"]
[White "Lecluyse, Koenraad"]
[Black "De Nobrega, George"]
[Result "0-1"]
[WhiteElo "1227"]
[BlackElo "1346"]
[PlyCount "104"]

1. d4 Nf6 2. Bf4 d5 3. Nf3 Nc6 4. e3 Bf5 5. Bd3 Bxd3 6. Qxd3 e6 7. Nbd2 a6 8.
a4 Bd6 9. Bg3 Qe7 10. O-O Bxg3 11. hxg3 O-O 12. c3 e5 13. Nxe5 Nxe5 14. dxe5
Qxe5 15. Nf3 Qe4 16. Qd1 h6 17. Qb3 Rab8 18. Rfd1 c6 19. Nd2 Qe7 20. Re1 Ne4
21. Nf3 Nc5 22. Qc2 Rfe8 23. c4 Qe4 24. Qc3 Qxc4 25. Qd4 Qxd4 26. exd4 Rxe1+
27. Rxe1 Nxa4 28. Ne5 Re8 29. Ra1 Nxb2 30. Rb1 Nc4 31. Nf3 b5 32. Ne1 Re2 33.
Nd3 Rd2 34. Nb4 Rb2 35. Rxb2 Nxb2 36. Nxc6 Kf8 37. f4 Nd3 38. Kf1 Ke8 39. Ke2
Kd7 40. Ne5+ Nxe5 41. fxe5 Ke6 42. Kd3 f6 43. exf6 gxf6 44. Kc3 Kf5 45. Kb4 Ke4
46. Kc5 a5 47. Kxb5 Kxd4 48. Kxa5 Kc3 49. Kb5 d4 50. Kc5 d3 51. Kd5 d2 52. Ke4
d1=Q 0-1

[Event "Tournoi Skype 024B"]
[Site "Skype"]
[Date "????.??.??"]
[Round "3.20"]
[White "Ruiz Gomez, Luz Alba"]
[Black "Torres, Vicky"]
[Result "1-0"]
[WhiteElo "1218"]
[BlackElo "1333"]
[PlyCount "65"]

1. d4 e6 2. Nf3 d5 3. Bf4 Nf6 4. e3 c5 5. c3 a6 6. Bd3 Nbd7 7. Nbd2 Be7 8. O-O
Nh5 9. Bg3 Nxg3 10. hxg3 Bd6 11. Qc2 Nf6 12. Be2 Qc7 13. Nb3 c4 14. Nbd2 Bd7
15. e4 e5 16. exd5 O-O-O 17. Ng5 Be8 18. Nxc4 h6 19. Nxd6+ Rxd6 20. dxe5 Rxd5
21. exf6 Rxg5 22. Qe4 g6 23. Rad1 Bc6 24. Qe3 Rf5 25. Bg4 Re8 26. Bxf5+ gxf5
27. Qxh6 b5 28. Rde1 Kb7 29. Rxe8 Bxe8 30. Qf8 Bc6 31. Re1 Kb6 32. Re7 Bd7 33.
Rxf7 1-0

[Event "Tournoi Skype 024B"]
[Site "Skype"]
[Date "????.??.??"]
[Round "3.21"]
[White "Gerbaux, Regis"]
[Black "Yilmazer, Seher"]
[Result "0-1"]
[WhiteElo "1331"]
[BlackElo "1173"]
[PlyCount "38"]

1. e4 e5 2. Nf3 Nc6 3. Bc4 Nf6 4. c3 Nxe4 5. d4 d5 6. Bb3 exd4 7. cxd4 Bb4+ 8.
Nbd2 Nxd2 9. Bxd2 Qe7+ 10. Qe2 Bxd2+ 11. Nxd2 Qxe2+ 12. Kxe2 Nxd4+ 13. Kd3 Nxb3
14. Rhe1+ Be6 15. Nxb3 O-O 16. Nc5 Bf5+ 17. Ke2 Rae8+ 18. Kf1 b6 19. Na6 Bd3+
0-1

[Event "Tournoi Skype 024B"]
[Site "Skype"]
[Date "????.??.??"]
[Round "3.22"]
[White "Castellar, Juarez Iorio"]
[Black "Codina, Teresa"]
[Result "1-0"]
[WhiteElo "1324"]
[BlackElo "1159"]
[PlyCount "73"]

1. Nf3 d5 2. d3 Nf6 3. Nbd2 Nc6 4. c3 Bg4 5. h3 Bxf3 6. Nxf3 e5 7. e4 dxe4 8.
dxe4 Bd6 9. Bb5 O-O 10. Bxc6 bxc6 11. O-O Nxe4 12. Re1 f5 13. h4 h6 14. Qe2 a6
15. Bd2 Re8 16. g3 Bc5 17. b4 Bxf2+ 18. Kg2 Bxe1 19. Bxe1 Qe7 20. Qc4+ Qf7 21.
Qxc6 a5 22. Nxe5 Qh5 23. Qd5+ Kh7 24. Nf3 axb4 25. cxb4 Ra3 26. Qd1 Qf7 27. Qc2
Qf6 28. Qc1 Ra6 29. a3 Rd6 30. Ra2 Red8 31. Rc2 c5 32. bxc5 Rc6 33. Bb4 Qg6 34.
Qf4 Re8 35. Ne5 Qxg3+ 36. Qxg3 Rg6 37. Qxg6+ 1-0

[Event "Tournoi Skype 024B"]
[Site "Skype"]
[Date "????.??.??"]
[Round "3.23"]
[White "Porcabeuf, Jean-Marc"]
[Black "Silva, Givson"]
[Result "0-1"]
[WhiteElo "1098"]
[BlackElo "1320"]
[PlyCount "64"]

1. d4 Nf6 2. c4 e6 3. a3 d6 4. Nc3 Nc6 5. Nf3 b6 6. e4 Bb7 7. Bd3 Be7 8. O-O e5
9. Bc2 O-O 10. d5 Na5 11. Bd3 Ba6 12. b3 c6 13. dxc6 Nxc6 14. Bc2 Bb7 15. Qd3
h6 16. Nd5 Nd7 17. Be3 Nc5 18. Qd2 g5 19. Nxe7+ Nxe7 20. Nxg5 Ng6 21. Nh3 Bxe4
22. Bd1 Kh7 23. Bxh6 Rg8 24. Bg5 Nh4 25. Bxd8 Rxg2+ 26. Kh1 Rxf2+ 27. Kg1 Rxd2
28. Bxh4 Rg8+ 29. Ng5+ Kh6 30. Rxf7 Rg2+ 31. Kf1 Rxh2 32. Rh7+ Bxh7 0-1

[Event "Tournoi Skype 024B"]
[Site "Skype"]
[Date "????.??.??"]
[Round "3.24"]
[White "Mimouni, Driss"]
[Black "Almiron, Patricia"]
[Result "1/2-1/2"]
[WhiteElo "1058"]
[BlackElo "1304"]
[PlyCount "88"]

1. c4 c5 2. e4 Nf6 3. Nc3 e6 4. e5 Ng8 5. Nf3 Nc6 6. d4 cxd4 7. Nxd4 Nxe5 8.
Be2 Qb6 9. O-O Bb4 10. Ncb5 Bc5 11. Be3 Nf6 12. f4 Ng6 13. f5 exf5 14. Qc1 O-O
15. Nxf5 Kh8 16. b4 Bxe3+ 17. Nxe3 Re8 18. c5 Qe6 19. Nc7 Qxe3+ 20. Qxe3 Rxe3
21. Nxa8 Rxe2 22. Rfe1 Rb2 23. Nc7 Nh4 24. Kh1 Nxg2 25. Rg1 b6 26. cxb6 Bb7 27.
bxa7 Ne3+ 28. Nd5 Bxd5+ 29. Rg2 Ba8 30. Rag1 Rxb4 31. h3 Nxg2 32. Kh2 g5 33.
Rc1 Re4 34. Rc8+ Re8 35. Rxe8+ Nxe8 36. a4 Nf4 37. Kg3 Nd6 38. Kf2 Nxh3+ 39.
Kg3 Nf4 40. a5 f5 41. a6 h5 42. Kf2 h4 43. Kg1 Ne2+ 44. Kh2 g4 1/2-1/2

[Event "Tournoi Skype 024B"]
[Site "Skype"]
[Date "????.??.??"]
[Round "3.25"]
[White "Asterio Dos Santos, Douglas"]
[Black "Erten, Ozlem"]
[Result "0-1"]
[WhiteElo "1000"]
[BlackElo "1302"]
[PlyCount "116"]

1. d4 c6 2. Bf4 d5 3. e3 Bf5 4. Nf3 e6 5. Be2 Nf6 6. O-O h6 7. Nbd2 Nh5 8. Be5
Nd7 9. h3 Nhf6 10. Bf4 Bh7 11. Rc1 Nh5 12. Bh2 Be7 13. Ne5 Nhf6 14. Bg4 Nxg4
15. Qxg4 O-O 16. Bf4 Nf6 17. Qg3 Nh5 18. Qg4 Nxf4 19. Qxf4 Bd6 20. Qf3 f6 21.
Ng4 e5 22. c3 Qe7 23. Rfe1 f5 24. Nxe5 Bxe5 25. dxe5 Qxe5 26. a3 f4 27. exf4
Qxf4 28. Qxf4 Rxf4 29. Re3 Raf8 30. f3 d4 31. Re7 dxc3 32. Rxc3 R4f7 33. Rce3
Rxe7 34. Rxe7 Rf7 35. Rxf7 Kxf7 36. Nc4 Ke6 37. Kf2 b6 38. Ke3 Kd5 39. Nd2 c5
40. g4 g5 41. Ne4 Kc4 42. Nxg5 hxg5 43. f4 gxf4+ 44. Kxf4 Kb3 45. h4 Kxb2 46.
h5 c4 47. g5 c3 48. g6 Bxg6 49. hxg6 c2 50. g7 c1=Q+ 51. Kf5 Qc4 52. Kg6 Qg8
53. Kf6 Kxa3 54. Kg6 a5 55. Kh6 Kb4 56. Kg6 a4 57. Kh6 a3 58. Kg6 a2 0-1

[Event "Tournoi Skype 024B"]
[Site "Skype"]
[Date "????.??.??"]
[Round "3.26"]
[White "Borkar, Sagar"]
[Black "Yanez, Leticia Jorgelina"]
[Result "1-0"]
[WhiteElo "1000"]
[BlackElo "1293"]
[PlyCount "97"]

1. e4 c5 2. Nc3 Nc6 3. Nf3 g6 4. Bc4 e6 5. d4 cxd4 6. Nxd4 Bg7 7. Ndb5 d5 8.
exd5 Na5 9. dxe6 Bxc3+ 10. bxc3 Qxd1+ 11. Kxd1 Kf8 12. Nc7 Rb8 13. Be3 b6 14.
exf7 Bg4+ 15. f3 Nxc4 16. Bd4 Kxf7 17. Bxh8 Rd8+ 18. Bd4 Rc8 19. fxg4 Rxc7 20.
Rf1+ Ke8 21. Re1+ Re7 22. Rxe7+ Kxe7 23. Ke2 Nf6 24. Re1 Nd6 25. Kd3+ Nfe4 26.
Rxe4+ Nxe4 27. Kxe4 Kd7 28. Kd5 Kc7 29. c4 a6 30. c5 b5 31. c6 Kd8 32. Kc5 Kc7
33. a3 h6 34. Be5+ Kd8 35. Kb6 Kc8 36. Kxa6 h5 37. gxh5 gxh5 38. h4 b4 39. axb4
Kd8 40. Bf4 Ke7 41. c7 Kd7 42. b5 Ke6 43. b6 Kf5 44. g3 Ke6 45. c8=Q+ Kd5 46.
Qd7+ Kc5 47. Be3+ Kb4 48. Qd5 Kc3 49. Qb3# 1-0

[Event "Tournoi Skype 024B"]
[Site "Skype"]
[Date "????.??.??"]
[Round "3.27"]
[White "Battaglia, Gabriele"]
[Black "Canova, Felix"]
[Result "1-0"]
[WhiteElo "1282"]
[BlackElo "1000"]
[PlyCount "63"]

1. Nf3 Nc6 2. g3 Nf6 3. Bg2 b6 4. O-O g6 5. d3 Bg7 6. Bg5 Ng4 7. Qd2 h6 8. Bf4
Bxb2 9. Nc3 h5 10. Rab1 Ba3 11. Nb5 Bb4 12. c3 Bc5 13. Bxc7 Ba6 14. Bxd8 Bxb5
15. d4 Bd6 16. Rxb5 Nxd8 17. Ne5 f6 18. Bxa8 fxe5 19. h3 Nh6 20. dxe5 Bc7 21.
Rd1 a6 22. Qxd7+ Kf7 23. Bd5+ Kf8 24. Rb4 g5 25. Qxc7 Ndf7 26. e6 a5 27. Rxb6
Nf5 28. Rb7 N5d6 29. Qxe7+ Kg7 30. Ra7 Nc8 31. Qxf7+ Kh6 32. Qf6# 1-0

[Event "Tournoi Skype 024B"]
[Site "Skype"]
[Date "????.??.??"]
[Round "3.28"]
[White "Chavez, Isidro"]
[Black "Hargez, Dany"]
[Result "1-0"]
[WhiteElo "1000"]
[BlackElo "1277"]
[PlyCount "89"]

1. f4 Nf6 2. d4 d5 3. e3 Bg4 4. Be2 Bxe2 5. Qxe2 Nc6 6. Nf3 e6 7. O-O Be7 8.
Nc3 O-O 9. h3 Bb4 10. Qb5 Bxc3 11. bxc3 Rb8 12. a4 Ne4 13. Qd3 Ne7 14. Ba3 Re8
15. Rab1 Nf5 16. a5 Nfg3 17. Rfc1 f5 18. c4 c6 19. a6 b6 20. c5 b5 21. c4 dxc4
22. Qd1 Qa5 23. Ra1 Qxa6 24. Ne5 Qc8 25. Bb4 a6 26. Be1 Qc7 27. Rxa6 Rbd8 28.
Rxc6 Qe7 29. Rb6 Ra8 30. Rxb5 Ra3 31. Nxc4 Raa8 32. Nb6 Rab8 33. Ra1 Rb7 34. c6
Ra7 35. Rab1 Qc7 36. Qc1 Ne2+ 37. Kh2 Nxc1 38. Rxc1 Rb8 39. Ba5 Rxa5 40. Rxa5
Qxb6 41. c7 Qxa5 42. cxb8=Q+ Kf7 43. Rc7+ Kg6 44. Qe8+ Kh6 45. Qxe6+ 1-0

[Event "Tournoi Skype 024B"]
[Site "Skype"]
[Date "????.??.??"]
[Round "3.29"]
[White "Bankhede, Shivkumar"]
[Black "Rosenkoetter, David"]
[Result "1/2-1/2"]
[WhiteElo "1274"]
[BlackElo "1000"]
[PlyCount "93"]

1. d4 Nf6 2. c4 g6 3. Nf3 c6 4. Nc3 d6 5. e3 Bg7 6. Bd3 O-O 7. O-O a5 8. h3 Qc7
9. a3 b6 10. Qc2 Bb7 11. Re1 Nbd7 12. Bd2 Rae8 13. e4 e5 14. d5 cxd5 15. Nxd5
Nxd5 16. cxd5 Qxc2 17. Bxc2 Rc8 18. Rac1 Nc5 19. Be3 f5 20. exf5 Bxd5 21. Rcd1
Bxf3 22. gxf3 Nd7 23. Bb1 gxf5 24. Rxd6 Rf7 25. Ba2 f4 26. Bxf7+ Kf8 27. Rxd7
fxe3 28. fxe3 a4 29. e4 Rc2 30. b4 axb3 31. Bxb3 Rc3 32. Rb1 Rxf3 33. Bd1 Rg3+
34. Kf2 Rxa3 35. Rxb6 Ra2+ 36. Kf3 Ra8 37. Bb3 h5 38. Kg3 Re8 39. Kh4 Re7 40.
Rb8+ Re8 41. Rf7+ Kg8 42. Rxe8+ Kh7 43. Rxe5 Kh6 44. Re6+ Kh7 45. Kxh5 Kg8 46.
Re8+ Kh7 47. e5 1/2-1/2

[Event "Tournoi Skype 024B"]
[Site "Skype"]
[Date "????.??.??"]
[Round "3.30"]
[White "Sanchez, Pedro"]
[Black "Wahule, Satish"]
[Result "0-1"]
[WhiteElo "1000"]
[BlackElo "1272"]
[PlyCount "56"]

1. e4 Nf6 2. Nc3 g6 3. e5 Ng4 4. Qxg4 d5 5. Qf4 d4 6. Ne4 Nc6 7. Ng5 Nxe5 8.
Qxe5 f6 9. Bb5+ c6 10. Qf4 fxg5 11. Qe5 Rg8 12. Bc4 Bg7 13. Qxg5 Rf8 14. Nf3
Qd6 15. O-O Bd7 16. Qh4 O-O-O 17. d3 Rde8 18. Bf4 Rxf4 19. Qxh7 Rxf3 20. gxf3
Rh8 21. Qxh8+ Bxh8 22. Kh1 Qf6 23. f4 Qxf4 24. f3 Be5 25. Rf2 Bg4 26. Raf1
Bxf3+ 27. Kg1 Qg4+ 28. Rg2 Qxg2# 0-1

[Event "Tournoi Skype 024B"]
[Site "Skype"]
[Date "????.??.??"]
[Round "3.32"]
[White "Le Bouill, Pierre"]
[Black "Santos, Joselito"]
[Result "0-1"]
[WhiteElo "1265"]
[BlackElo "1000"]
[PlyCount "70"]

1. e4 c5 2. Nf3 Nc6 3. Bc4 e6 4. d4 cxd4 5. Nxd4 Nxd4 6. Qxd4 Nf6 7. Nc3 h6 8.
O-O Be7 9. Re1 O-O 10. e5 Ne8 11. Qg4 g5 12. h4 f5 13. exf6 Bxf6 14. Ne4 Be7
15. hxg5 hxg5 16. Bxg5 Ng7 17. Bh6 Rf7 18. Bg5 d5 19. Bxe7 Qxe7 20. Ng5 Rf5 21.
Bxd5 Rxg5 22. Qf4 Rxd5 23. c4 Rf5 24. Qe3 Qc5 25. Qd2 Bd7 26. b4 Qe7 27. b5
Raf8 28. Re2 Qc5 29. Rf1 R8f7 30. Re3 Qxc4 31. Rd3 Qxb5 32. g4 Rd5 33. Rxd5
exd5 34. Kg2 Bxg4 35. Rh1 Bf3+ 0-1

[Event "Tournoi Skype 024B"]
[Site "Skype"]
[Date "????.??.??"]
[Round "3.33"]
[White "Ramirez, Luis Antonio"]
[Black "Felippe E Silva, Glenda"]
[Result "0-1"]
[WhiteElo "1000"]
[BlackElo "1259"]
[PlyCount "88"]

1. e4 c6 2. Nf3 d5 3. Nc3 dxe4 4. Nxe4 Bf5 5. Nc5 b6 6. Nb3 c5 7. Bb5+ Nd7 8.
Ne5 Ngf6 9. d4 cxd4 10. Qxd4 Bxc2 11. Qc4 Bxb3 12. axb3 e6 13. O-O Be7 14. Bg5
O-O 15. Qc3 Nxe5 16. Rfe1 Ned7 17. Qg3 Nc5 18. Bh6 g6 19. Rad1 Qb8 20. Bf4 Qb7
21. Qg5 Nd5 22. Qh6 Nxf4 23. Qxf4 Nxb3 24. Rd7 Qb8 25. Re4 Qxf4 26. Rxf4 Bc5
27. Bc4 Nd4 28. Rdxd4 Bxd4 29. Rxd4 Rfd8 30. Rd3 Rxd3 31. Bxd3 Rd8 32. Be2 Rd2
33. Kf1 Rxb2 34. h4 Rb1+ 35. Bd1 Rxd1+ 36. Ke2 Rd4 37. g3 a5 38. Ke3 e5 39. f3
Rc4 40. g4 a4 41. h5 a3 42. hxg6 hxg6 43. Kf2 a2 44. Kg3 a1=Q 0-1

[Event "Tournoi Skype 024B"]
[Site "Skype"]
[Date "????.??.??"]
[Round "3.34"]
[White "Barrionuevo, Hilario"]
[Black "Schuh, David"]
[Result "1-0"]
[WhiteElo "1000"]
[BlackElo "1000"]
[PlyCount "49"]

1. d4 d5 2. Nf3 e6 3. Nc3 Nf6 4. Bf4 g6 5. Nb5 Nc6 6. Nxc7+ Qxc7 7. Bxc7 Bg7 8.
Bd6 Bd7 9. e3 h5 10. Bd3 a5 11. O-O Nb4 12. Re1 Nxd3 13. Qxd3 Rd8 14. Qc3 b6
15. Qc7 Rc8 16. Qxb6 Rc6 17. Qb8+ Bc8 18. Qb5 Kd7 19. Be5 Rh6 20. h3 Ba6 21.
Qb3 h4 22. a4 g5 23. Nxg5 Rh5 24. Nxf7 Bc4 25. Qb7+ 1-0

[Event "Tournoi Skype 024B"]
[Site "Skype"]
[Date "????.??.??"]
[Round "3.35"]
[White "Khatanhar, Mohit"]
[Black "Hernandez Lopez, Joaquin"]
[Result "0-1"]
[WhiteElo "1299"]
[BlackElo "1270"]
[PlyCount "36"]

1. Nf3 Nf6 2. d4 d5 3. e3 Bf5 4. Bd3 Ne4 5. Nh4 e6 6. O-O Qxh4 7. f3 Bd6 8. f4
Bg4 9. Be2 Bxe2 10. Qxe2 Nd7 11. Nd2 Ndf6 12. Nxe4 Nxe4 13. Qb5+ c6 14. Qxb7
O-O 15. Qxc6 Rac8 16. Qa4 Rc7 17. c3 g5 18. fxg5 Qxh2# 0-1

[Event "Tournoi Skype 024B"]
[Site "Skype"]
[Date "????.??.??"]
[Round "3.38"]
[White "Maccaferri, Massimo"]
[Black "Tekes, Gamze"]
[Result "1-0"]
[WhiteElo "1248"]
[BlackElo "1010"]
[PlyCount "75"]

1. e4 e5 2. Bc4 Nf6 3. Nc3 d6 4. Nf3 Bg4 5. h3 Bh5 6. g4 Bg6 7. Ng5 h6 8. Nxf7
Bxf7 9. Bxf7+ Kxf7 10. Qf3 Kg8 11. d3 Qd7 12. Rg1 Be7 13. Be3 Kf8 14. h4 Ke8
15. g5 hxg5 16. hxg5 Nh5 17. O-O-O Na6 18. a3 c6 19. g6 Kd8 20. Rh1 Rb8 21.
Rxh5 Rg8 22. Rdh1 b5 23. Qf7 Kc7 24. Rh7 b4 25. Bxa7 Ra8 26. Rxg7 Rgf8 27. Qc4
Rxa7 28. Rhh7 Re8 29. Nb5+ Kb7 30. Nxa7 Kxa7 31. axb4 Ka8 32. Qxa6+ Kb8 33. Rf7
Qg4 34. Rxe7 Qg5+ 35. f4 exf4 36. Rxe8+ Qd8 37. Qa7+ Kc8 38. Qa8# 1-0

[Event "Tournoi Skype 024B"]
[Site "Skype"]
[Date "????.??.??"]
[Round "3.39"]
[White "Conde, Carmen"]
[Black "Bustos, Ricardo"]
[Result "1-0"]
[WhiteElo "1000"]
[BlackElo "1232"]
[PlyCount "49"]

1. d4 Nf6 2. e3 d5 3. g3 e6 4. Bg2 Nbd7 5. Nd2 c5 6. c3 Be7 7. Ne2 O-O 8. O-O
Rb8 9. Nf4 Bd6 10. Nh3 b6 11. Qc2 Bb7 12. Nf3 h6 13. Nh4 cxd4 14. exd4 e5 15.
Nf5 exd4 16. Nxd6 d3 17. Qxd3 Ne5 18. Nxb7 Rxb7 19. Qf5 Neg4 20. f3 g6 21. Qf4
g5 22. Nxg5 hxg5 23. Qxg5+ Kh7 24. fxg4 Rg8 25. Qh6# 1-0

[Event "Tournoi Skype 024B"]
[Site "Skype"]
[Date "????.??.??"]
[Round "3.40"]
[White "Latterra, Jeremias"]
[Black "Homme, Jim"]
[Result "0-1"]
[WhiteElo "1000"]
[BlackElo "1184"]
[PlyCount "62"]

1. c4 g6 2. Nf3 Nf6 3. d4 Bg7 4. e3 O-O 5. b4 e6 6. Qb3 b6 7. Bd3 Bb7 8. O-O
Bxf3 9. gxf3 Nc6 10. d5 Ne7 11. Nd2 Nexd5 12. Bb2 Ne7 13. Ne4 Nc6 14. b5 Na5
15. Nxf6+ Bxf6 16. Qb4 Nb7 17. Be4 Rb8 18. Bxb7 Rxb7 19. a4 Be7 20. c5 a5 21.
bxa6 Bxc5 22. Qb5 Ra7 23. a5 c6 24. Qc4 Qc8 25. Qd3 Rxa6 26. Ba3 Rxa5 27. Bxc5
Rxc5 28. h4 Rh5 29. Qe4 Qd8 30. Ra4 d5 31. Qe5 Rxh4 0-1

[Event "Tournoi Skype 024B"]
[Site "Skype"]
[Date "????.??.??"]
[Round "3.41"]
[White "Cengiz, Ali Ekber"]
[Black "Gagnon, Sindy"]
[Result "1-0"]
[WhiteElo "1176"]
[BlackElo "1000"]
[PlyCount "43"]

1. e4 Nf6 2. e5 Ne4 3. Nc3 Nxc3 4. dxc3 e6 5. c4 Bc5 6. Nf3 O-O 7. a3 b6 8. c3
Bb7 9. Ng5 f6 10. Nh3 c6 11. b4 Be7 12. Qg4 g6 13. Bh6 Rf7 14. Bd3 fxe5 15.
Bxg6 hxg6 16. Qxg6+ Kh8 17. Qxf7 Bf6 18. Qh5 Qg8 19. Bg5+ Kg7 20. Qh6+ Kf7 21.
Qxf6+ Ke8 22. Qe7# 1-0

[Event "Tournoi Skype 024B"]
[Site "Skype"]
[Date "????.??.??"]
[Round "3.43"]
[White "Tembhurnekar, Ritu"]
[Black "Singh, Gatak"]
[Result "0-1"]
[WhiteElo "1000"]
[BlackElo "1079"]
[PlyCount "60"]

1. d4 e5 2. e3 Nc6 3. d5 Bb4+ 4. c3 Ba5 5. dxc6 dxc6 6. Qb3 Nf6 7. Bc4 Qe7 8.
Nf3 e4 9. Ng5 Ng4 10. Bxf7+ Kd8 11. Qd1+ Bd7 12. Be6 Ne5 13. h4 h6 14. Qh5 g6
15. Nf7+ Ke8 16. Qxe5 Rf8 17. Nxh6 Bxe6 18. Nd2 Qf6 19. Qxe4 Qxf2+ 20. Kd1 Qf6
21. Rf1 Qe7 22. Qxg6+ Bf7 23. Qg7 Bb3+ 24. axb3 Qxg7 25. Re1 Bb6 26. Nc4 Qxh6
27. e4 Qxh4 28. e5 Bf2 29. Re2 Qg4 30. Bh6 Rd8+ 0-1